Disney Character Match Quiz Stats

 Plays Quiz Updated Mar 19, 2020

Support Sporcle.
Go Orange.
Score 0/26 Timer 03:00
6 Plays Today
% Correct
The Little Mermaid
95.4%
Alice in Wonderland
94.5%
The Lion King
93.4%
Snow White and the Seven Dwarfs
92.8%
Cinderella
92.2%
Aladdin
90%
Peter Pan
89.6%
The Emperor's New Groove
89.5%
Hercules
89%
Pocahontas
88.4%
Beauty and the Beast
88.1%
Bambi
88%
Pinocchio
87.6%
% Correct
Mulan
86.9%
Sleeping Beauty
84.7%
The Hunchback of Notre Dame
81.5%
The Jungle Book
81.2%
101 Dalmatians
72.2%
The Many Adventures of Winnie The Pooh
71.2%
Dumbo
68.6%
The Aristocats
66.6%
The Fox and the Hound
63.4%
Brother Bear
58%
Tarzan
57.3%
Dinosaur
49.8%
Lady and the Tramp
48.8%

From the Vault

Historical People A-Z III

by MamuttHU3

History 6m
Most history classes like to go in chronological order, but here at Sporcle, we're all about alphabetical.
Remove Ads.
Support Sporcle.
Get the best of Sporcle when you Go Orange. This ad-free experience offers more features, more stats, and more fun while also helping to support Sporcle. Thank you for becoming a member.

Show Comments

Extras

Top Quizzes Today


Score Distribution

Your Account Isn't Verified!

In order to create a playlist on Sporcle, you need to verify the email address you used during registration. Go to your Sporcle Settings to finish the process.

Report this User

Report this user for behavior that violates our Community Guidelines.

Details: